000 01774nam a22002417a 4500
003 NALT
005 20251125233125.0
008 s2558 th o tha d
020 _a9786163990266
040 _aNALT
086 _aสผ 60 7.3 658 2558
110 2 _aสำนักงานเลขาธิการสภาผู้แทนราษฎร ปฏิบัติหน้าที่สำนักงานเลขาธิการสภาปฏิรูปแห่งชาติ
_91766
245 1 0 _aสภาปฏิรูปแห่งชาติ วาระปฏิรูปพิเศษ 7 :
_bการปฏิรูปองค์การมหาชน /
_cสำนักงานเลขาธิการสภาผู้แทนราษฎร ปฏิบัติหน้าที่สำนักงานเลขาธิการสภาปฏิรูปแห่งชาติ.
260 _aกรุงเทพฯ :
_bสำนักวิชาการ สำนักงานเลขาธิการสภาผู้แทนราษฎร,
_c2558.
300 _a118 หน้า :
_bภาพประกอบ, ตาราง ;
_c30 ซม.
610 2 4 _aคณะกรรมการศึกษาการปฏิรูปองค์การมหาชน สภาปฏิรูปแห่งชาติ
_915437
_xรายงาน
650 4 _aองค์การมหาชน
_92417
_xการปฏิรูป
650 4 _aองค์กรธุรกิจ
_927680
_xการปฏิรูป
850 _aNALT
856 4 0 _uhttps://hdl.handle.net/20.500.14156/454667
942 _cPAR
_2local
999 _c74336
_d74336
998 _j104
_k นางสาวสายฝน ดีงาม